00614 a2200181 4500003000400000005001700004008004100021040000900062082001500071100003000086245006500116250001200181260004100193300000900234942003600243952013600279999001700415OSt20240212093934.0240212b |||||||| |||| 00| 0 eng d coclc a306bBEV/M aBevincha, Ibraheem910446 aMuslim samoohika jeevitham malayalathil /cIbraheem Bevincha a1st ed. aCalicut:bYuvatha Book House,c1996. a88p. 2ddccBKh306iASG/Ok306mASG/O 00102ddc40708SOCIAL SCIENCEaMESbMEScISLd2024-02-12l0o306 BEV/Mp45281r2024-02-12 09:40:50v20.00w2024-02-12yBKzGL47R1 c44432d44432